Logic song lyrics - Statistics

General Stats
  • This quiz has been taken 667 times
  • The average score is 7 of 15
Answer Stats
Hint Answer % Correct
I've been feeling under ________ pressure
94%
all these girls screaming Logic, but i wanna hear my real ____ name
80%
you da man of the ____ year
75%
wtf is sunshine without a little ____ rain
64%
smoking in London while the snow _____ fall
62%
now the whole wonders what his next ______ move
58%
i got a date with ________ destiny
54%
I am not more important than anyone of my ____ fans
50%
dear family I'm so sorry that I've been _____ distant
47%
at a house party while you gettin ___ lit
40%
back when I was _____ going through it broke
34%
laying in bed with a girl I'm pretty sure is my ____ next
34%
but I plan on eatin with the people I _____ with starved
29%
when it comes to women I'm a mac, you're a _____ dell
14%
avec ma se ____ soir
11%
No matching quizzes found
Score Distribution
Percent of People with Each Score
Percentile by Number Answered
Your Score History
You have not taken this quiz